NFL: Top 25 Active Players: Rushing Yards - Statistics

General Stats
  • This quiz has been taken 532 times
    57 since last reset
  • The average score is 19 of 25
Answer Stats
# Player Yards % Correct
1 Derrick Henry 13,018
98%
6 Christian McCaffrey 7,589
96%
4 Aaron Jones 7,626
91%
8 Nick Chubb 7,349
89%
2 Saquon Barkley 8,356
89%
9 Alvin Kamara 7,250
87%
3 Josh Jacobs 7,803
87%
13 Tony Pollard 5,782
87%
22 James Cook 4,259
85%
25 Kyren Williams 3,834
85%
23 Bijan Robinson 3,910
83%
17 D'Andre Swift 4,775
83%
7 Joe Mixon 7,428
83%
12 James Conner 6,065
80%
18 Austin Ekeler 4,765
78%
11 David Montgomery 6,115
78%
5 Jonathan Taylor 7,598
78%
19 Josh Allen 4,721
63%
14 Kareem Hunt 5,775
63%
10 Lamar Jackson 6,522
63%
21 Najee Harris 4,373
61%
24 Raheem Mostert 3,895
59%
20 Miles Sanders 4,462
46%
16 Devin Singletary 4,923
43%
15 Russell Wilson 5,568
39%
No matching quizzes found
Score Distribution
Percent of People with Each Score
Percentile by Number Answered
Your Score History
You have not taken this quiz since the last reset